Premier League or Prime Minister Quiz Stats

 Plays Quiz Updated Jul 10, 2018

Score 0/20 Timer 05:00
6 Plays Today
Question Answer Wrong Answers
David Beckham Premier League
96.1%
Prime Minister
0.8%
Wayne Rooney Premier League
95.5%
Prime Minister
1.4%
Frank Lampard Premier League
94.6%
Prime Minister
2.5%
Joe Hart Premier League
94.5%
Prime Minister
2.5%
Steven Gerrard Premier League
94.3%
Prime Minister
2.8%
Tony Blair Prime Minister
94.1%
Premier League
3%
Robbie Fowler Premier League
93.6%
Prime Minister
3.4%
Eden Hazard Premier League
93.5%
Prime Minister
3.4%
Alan Shearer Premier League
92.6%
Prime Minister
4.2%
Gordon Brown Prime Minister
92.2%
Premier League
4.9%
John Major Prime Minister
92.1%
Premier League
4.9%
Gareth Barry Premier League
91.2%
Prime Minister
5.8%
Harold Wilson Prime Minister
89.6%
Premier League
7.5%
Edward Heath Prime Minister
89.1%
Premier League
7.9%
James Milner Premier League
88.1%
Prime Minister
8.9%
Robert Peel Prime Minister
85.6%
Premier League
11.4%
Stanley Baldwin Prime Minister
85.4%
Premier League
11.6%
Anthony Eden Prime Minister
84.8%
Premier League
12.3%
Benjamin Disraeli Prime Minister
84.4%
Premier League
12.6%
James Callaghan Prime Minister
77.9%
Premier League
19.2%

You're not logged in!

Compare scores with friends on all Sporcle quizzes.
OR
Log In

Sporcle TV

Today on Sporcle TV


Watch our educational content, quiz creation guides, and fun videos on Sporcle TV.

Show Comments

Extras

Top Quizzes Today


Score Distribution

Your Account Isn't Verified!

In order to create a playlist on Sporcle, you need to verify the email address you used during registration. Go to your Sporcle Settings to finish the process.

Report this User

Report this user for behavior that violates our Community Guidelines.

Details: